000 00908nas a2200289 4500
001 BR0804755
003 BR-BrBNA
005 20231205111849.0
007 ta
008 230509b bl.|||p| |||| 00| 00por d
040 _aBR-BrBNA
_bpor
_cBiblioteca Nacional de Agricultura
041 _a(Pt)
072 _aL73; L40
100 1 _aRodrigues, O.D.
100 1 _aTortelly, R.
100 1 _aVogel, J.
100 1 _aNascimento, E.R. do
100 1 _aNascimento, M. da G.F. do
245 1 _aLesões granulomatosas em frangos de corte provocadas pela doença respiratória crônica (DRC)induzida
650 _aFRANGO DE CORTE
650 _aMICOPLASMOSE
650 _aLESÃO
650 _aHISTOPATOLOGIA
773 0 _tRevista Brasileira de Medicina Veterinária (Brazil)
_xISSN 0100-2430
_g(2004), v. 26(4) p. 164-167
_wBR0804755
909 _a202311
_bLúcia
_c55
_dLúcia Elande
942 _2AGRIS
_n0
_cANA
999 _c194859
_d194859